[Event "Florianopolis op 11th"]
[Site "Florianopolis"]
[Date "2025.01.23"]
[Round "7"]
[White "Belmonte, Adriel Leandro"]
[Black "Kikuchi, Alexandre Hideki Lo"]
[Result "1/2-1/2"]
[WhiteElo "2032"]
[BlackElo "1761"]
[PlyCount "104"]
[EventDate "2025.01.18"]
[EventType "swiss"]
[EventRounds "10"]
[EventCountry "BRA"]
[SourceTitle "CB05_2025"]
[SourceDate "2025.01.29"]
[SourceVersion "1"]
[SourceVersionDate "2025.01.29"]
[SourceQuality "1"]

1. d4 Nf6 2. c4 e6 3. Nc3 Bb4 4. e3 d5 5. a3 Bxc3+ 6. bxc3 c5 7. cxd5 Nxd5 8. Bd2 cxd4 9. cxd4 0-0 10. Nf3 b6 11. Bd3 Ba6 12. Bxa6 Nxa6 13. 0-0 h6 14. Rc1 Qe7 15. Ne5 Rfc8 16. Qa4 Qb7 17. e4 Ne7 18. Rce1 Rc7 19. Re3 Nc6 20. Rg3 Nxe5 21. dxe5 Nc5 22. Qd1 Nxe4 23. Rd3 Nxd2 24. Qxd2 Rac8 25. Rd1 Rc5 26. Rd7 Rd5 27. Qxd5 Qxd5 28. R1xd5 exd5 29. Kf1 Rc1+ 30. Ke2 Rc2+ 31. Ke1 Rc1+ 32. Ke2 Rc2+ 33. Ke1 Rc4 34. Rxa7 Re4+ 35. Kd2 Rxe5 36. Ra8+ Kh7 37. Rb8 Rf5 38. f3 Rg5 39. g3 Rg6 40. Rd8 b5 41. Rxd5 Ra6 42. Rd3 Ra4 43. Kc2 b4 44. axb4 Rxb4 45. Kc3 Rb1 46. Kd4 Rb2 47. h4 h5 48. Ke5 Rg2 49. Kf4 f6 50. g4 hxg4 51. fxg4 Rh2 52. Rf3 Kg6 1/2-1/2

[Event "Florianopolis op 11th"]
[Site "Florianopolis"]
[Date "2025.01.18"]
[Round "1"]
[White "Belmonte, Adriel Leandro"]
[Black "Balbinotti, Rafael Tiago Busane"]
[Result "1-0"]
[WhiteElo "2032"]
[BlackElo "1556"]
[PlyCount "45"]
[EventDate "2025.01.18"]
[EventType "swiss"]
[EventRounds "10"]
[EventCountry "BRA"]
[SourceTitle "CB05_2025"]
[SourceDate "2025.01.29"]
[SourceVersion "1"]
[SourceVersionDate "2025.01.29"]
[SourceQuality "1"]

1. d4 e6 2. Nf3 b6 3. g3 Bb7 4. Bg2 Nf6 5. 0-0 Nc6 6. c4 d5 7. cxd5 Nxd5 8. e4 Nf6 9. Nc3 Bd6 10. e5 Nxe5 11. dxe5 Bxf3 12. Qxf3 Nd5 13. Nxd5 exd5 14. Qxd5 0-0 15. Qxa8 Qe7 16. exd6 cxd6 17. Qb7 Qe2 18. Bf4 Qxb2 19. Bxd6 Rd8 20. Bd5 Kh8 21. Qxf7 h6 22. Rfe1 Rxd6 23. Qg8# 1-0